00189 a2200073 450000100060000008200160000610000250002224500680004790856 a954.025 MUH aMuhammad Zahid Malik aMughlon Ka Dor e Hakomat Aur Un Ka ZawaalcMuhammad Zahid Malik